000 00527nam a22001937a 4500
003 KOHA_MİRAKIL
005 20250407154129.0
008 250407b tu ||||| |||| 00| 0 tur d
020 _a9789752912
040 _aTR-AnABB
_btur
_cTR-AnABB
041 _atur
082 _a828.3352
_bLAM 2010
100 1 _aLamb, Harold,
245 1 0 _aKonstantinopol /
_cHarold Lamb
260 _aİstanbul :
_bKaknüs Yayınları,
_c2010
300 _a384 sayfa ;
_c22 cm
650 0 4 _aAmerikan edebiyatı, roman
942 _2ddc
_cBK
999 _c8596
_d8596
900 _bGizem YORULMAZ